000 00564nam a2200181 i 4500
001 85491
003 ES-MaACL
005 20250628040751.0
007 t|
008 041128s1940 sp ||||1| spa d
100 1 _aJuretschke, Hans.
_967334
245 1 0 _aEspaña ante Francia /
_cHans Juretschke ; con un prólogo de Antonio Tovar.
260 _aMadrid :
_b[s.n.,
_c1940] (
_fAfrodisio Aguado)
300 _aXXIII, 243 p. ;
_c22 cm.
700 1 _aTovar, Antonio,
_d1911-1985
_9111167
852 _aES-MaACL
_jA-5113
_bR.18169
999 _c85491
_d85491